LEADER 01409nam2-2200397---450- 001 990000358980203316 035 $a0035898 035 $aUSA010035898 035 $a(ALEPH)000035898USA01 035 $a0035898 100 $a20010314d1977----km-y0itay0103----ba 101 $aita 102 $aIT 105 $a||||||||001yy 200 1 $a<> azienda e l'elaborazione automatica dei dati$a<> classificazione dei sistemi informativi e l'analisi dei loro componenti elementari$fGianfranco Biraghi, Renzo Orselli e sergio Papetti 210 $aMilano$cFranco Angeli$d1977 215 $a293 p.$d22 cm 225 2 $aInformatica EDP$v20.1 410 $12001$aInformatica EDP$v20.1 461 1$10010035897$12001$aManuale per analisti 676 $a001.61 700 1$aBIRAGHI,$bGianfranco$0535987 701 1$aORSELLI,$bRenzo$0543478 701 1$aPAPETTI,$bSergio$0543479 801 0$aIT$bsalbc$gISBD 912 $a990000358980203316 951 $a001.6 IEDP 20/1$b9200$c001.6$d00105155 959 $aBK 969 $aSCI 979 $aPATTY$b90$c20010314$lUSA01$h1456 979 $aPATTY$b90$c20010314$lUSA01$h1539 979 $c20020403$lUSA01$h1643 979 $aPATRY$b90$c20040406$lUSA01$h1625 996 $aClassificazione dei sistemi informativi e l'analisi dei loro componenti elementari$9876617 996 $aAzienda e l'elaborazione automatica dei dati$9876616 997 $aUNISA LEADER 00942nam a2200253 i 4500 001 991002842919707536 008 151022s1955 fr 000 0 fre d 035 $ab14241481-39ule_inst 040 $aBibl. Dip.le Aggr. Matematica e Fisica - Sez. Matematica$beng 082 0 $a515.63 084 $aAMS 53A45 084 $aLC QA1.M93 100 1 $aPailloux, Henri$028711 245 13$aUn aspect du calcul tensoriel /$cpar M. H. Pailloux 260 $aParis :$bGauthier-Villars,$c1955 300 $a72 p. ;$c25 cm 440 0$aMémorial des sciences mathématiques ;$v130 650 0$aCalculus of tensors 907 $a.b14241481$b22-10-15$c22-10-15 912 $a991002842919707536 945 $aLE013 Fondo Cattaneo 53A PAI11 (1955)$g1$i2013000152011$lle013$og$pE20.00$q-$rn$s- $t1$u0$v0$w0$x0$y.i15701487$z22-10-15 996 $aAspect du calcul tensoriel$9254292 997 $aUNISALENTO 998 $ale013$b22-10-15$cm$da $e-$ffre$gfr $h3$i0